Geography Quiz

Random Geography or Blitz Quiz

Europe by Any 2 Non-consecutive Letters Blitz Quiz Stats

 Plays Quiz not verified by Sporcle

Score 0/47 Timer 01:00
1 Play Today
% Correct
Switzerland
99.5%
United Kingdom
98.9%
Netherlands
98.9%
Bosnia & Herzegovina
98.7%
Ireland
98.7%
Slovenia
98.6%
Portugal
98.5%
France
98.3%
Iceland
98.3%
Germany
98.2%
Estonia
98.1%
Finland
97.8%
Ukraine
97.5%
Macedonia
97.5%
Austria
97.4%
Poland
97.2%
Denmark
97.1%
Belarus
97%
Italy
97%
Spain
96.9%
Serbia
96.9%
Luxembourg
96.7%
San Marino
96.2%
Russia
96.1%
% Correct
Bulgaria
96%
Belgium
95.8%
Hungary
95.6%
Norway
95.6%
Slovakia
95.6%
Sweden
95.5%
Turkey
95.2%
Lithuania
93.5%
Liechtenstein
93%
Romania
93%
Moldova
91.6%
Croatia
90.6%
Vatican City
89.9%
Greece
89.9%
Latvia
89.2%
Montenegro
89.1%
Andorra
83.5%
Czechia
82.7%
Cyprus
81.5%
Monaco
78.1%
Albania
72.7%
Kosovo
70%
Malta
64%

You're not logged in!

Compare scores with friends on all Sporcle quizzes.
Join for Free
OR
Log In

You Might Also Like...

Show Comments

Extras

Top Quizzes Today


Score Distribution

Your Account Isn't Verified!

In order to create a playlist on Sporcle, you need to verify the email address you used during registration. Go to your Sporcle Settings to finish the process.

Report this User

Report this user for behavior that violates our Community Guidelines.

Details: